00631 a2200193 45000010006000000050017000060080041000230030015000640400040000790800031001192450027001502500013001772640034001903000018002245050067002420410008003091000025003178560095003424199120260407155710.0260407a1979 arg spa dAR-UNSa-BCEJYS aAR-UNSa-BCEJYSbspacAR-UNSa-BCEJYS a330xEconomía en general10aQué es la economía a12a. ed. 1aBuenos Aires :bColumbac1979 a61 p.c20 cm. a1. La economía como realidad - 2. La economía como ciencia aspa1 aValsecchi, Francisco41uhttps://biblioeco.unsa.edu.ar/pmb/images/libros/L127630.jpgyImagen de portadaqimage/jpeg